Personnage Historique #12 - Statistiques

Statistiques générales
  • Ce quiz a été pris 66 fois
  • Le résultat moyen est 4 sur 16
Statistiques - réponses
Par images Réponse % Correct
Salvador Dalí
98%
Vercingétorix
67%
Hô Chi Minh
56%
Walt Disney
56%
Ivan le Terrible
43%
Idi Amin Dada
35%
Friedrich Nietzsche
26%
David Ben Gourion
13%
John Locke
13%
Ulysses S. Grant
13%
David
11%
Max Weber
6%
Mayer Amschel Rothschild
4%
Skanderbeg
2%
Song Taizu
2%
Takeda Shingen
2%
Aucun quiz correspondant
Distribution des résultats
% des personnes avec chaque résultat
Percentile par nombre de réponses
Votre historique - résultats
Vous n’avez pas pris ce quiz